00473nam a2200193 a 4500001001300000003000900013005001700022008004100039020000800080082001600088100002100104245003300125260003100158300000900189500003500198505000900233650001600242700002100258nice12345678IN_TiNIC20260116011323.0050524s1970 luca grp 000 0 urd  ac600a891.41bISM aIsmail, Amrohawi aUrdu Ki Do Qadeem Masnawiyan aLucknowbDanis Mahalc1970 a192p aincludes index and biblioraphy2 abibl aUrdu-Poetry1 aIsmail, Amrohawi